| 000 | 00631nam a2200193Ia 4500 | ||
|---|---|---|---|
| 003 | GCL | ||
| 008 | 140319s9999 xx 000 0 eng d | ||
| 020 | _a1880134233 | ||
| 040 |
_aGCL / _cGCL |
||
| 082 | 0 | 4 |
_a324.9533053 _bN P |
| 245 | 1 | 0 | _aPROMOTING POPULAR PARTICIPATION IN YEMEN'S 1993 ELECTIONS |
| 260 |
_aنيويورك : _bNATIONAL DEMOCRATIC INSTITUTE FOR INTERNATIONAL AFFAIRS ، _c1994 |
||
| 300 |
_a11, 151 P _bILL., MAP ؛ _c24 cm. |
||
| 650 | 0 | 4 | _aPOLITICAL PARTICIPATION - YEMEN |
| 650 | 0 | 4 | _aYEMEN - WOMEN IN POLITICS |
| 650 | 0 | 4 | _aELECTION MONITORING - YEMEN |
| 650 | 0 | 4 | _aYEMEN - HISTORY - 1918 |
| 942 |
_2ddc _cBK |
||
| 999 |
_c4412 _d4412 |
||